• 首页
  • 本馆介绍
  • 公告通知
  • 最新文献
  • 馆藏检索
  • 电子资源
  • 读者导购
  • 参考咨询
  • 我的图书馆
  • 登录
  • 详细信息显示
  • 放入我的书架
  • 预约/预借图书
  • 作者相关作品
  • 分类相关作品
  • 丛书相关作品
  • 出版社相关作品

书目信息

  • 表格格式
  • 工作单格式
  • 卡片格式
题名:
上海杜鹃花栽培及应用
    
 
作者: 徐忠 , 张春英 著
分册:  
出版信息: 北京   中国林业出版社  2014
页数: 192页
开本: 24cm
丛书名:
单 册:
中图分类: S685.21
科图分类:
主题词: 杜鹃花属--栽培技术--上海
电子资源:
ISBN: 978-7-5038-7279-2
000 01005nam0 2200253 450
001 012015000045
005 20150914162546.34
010    @a978-7-5038-7279-2@dCNY128.00
100    @a20140429d2014 em y0chiy50 ea
101 0  @achi
102    @aCN@b110000
105    @aa z 000yy
106    @ar
200 1  @a上海杜鹃花栽培及应用@Ashang hai du juan hua zai pei ji ying yong@dCultivation and application of rhododendron in Shanghai@f徐忠,张春英著@zeng
210    @a北京@c中国林业出版社@d2014
215    @a192页@c图@d24cm
330    @a本书重点围绕上海非适生土壤上栽培杜鹃花涉及的品种评价与选择、栽培生境的营造、栽培及养护技术、繁殖技术,并结合园林应用实例进行阐述,以图文并茂的形式介绍了在上海如何栽培应用杜鹃花。
510 1  @aCultivation and application of rhododendron in Shanghai@zeng
606 0  @a杜鹃花属@x栽培技术@y上海
690    @aS685.21@v5
701  0 @a徐忠@Axu zhong@4著
701  0 @a张春英@Azhang chun ying@4著
801  0 @aCN@b碧洲教育@c20150716
905    @a10447@f3@dS685.21@e365
    
    上海杜鹃花栽培及应用=Cultivation and application of rhododendron in Shanghai/徐忠,张春英著.-北京:中国林业出版社,2014
    192页:图;24cm
    
    
    ISBN 978-7-5038-7279-2:CNY128.00
    本书重点围绕上海非适生土壤上栽培杜鹃花涉及的品种评价与选择、栽培生境的营造、栽培及养护技术、繁殖技术,并结合园林应用实例进行阐述,以图文并茂的形式介绍了在上海如何栽培应用杜鹃花。
●
相关链接 在E读中查询图书 在五车中查询图书 在当当中查询图书 在豆瓣中查询图书


正题名:上海杜鹃花栽培及应用     索取号:S685.21/365         预约/预借

序号 登录号 条形码 馆藏地/架位号 状态 备注
1 0870821   208708219   第二样本阅览室/ [索取号:S685.21/365] 在馆    
2 0870822   208708228   第三借阅区/ [索取号:S685.21/365] 在馆    
3 0870823   208708237   密集书库-生命科学系/ [索取号:S685.21/365] 在馆    
唐山师范学院图书馆 欢迎您!
大连网信软件有限公司© 版权所有